México por imagen - Estadísticas

Estadísticas generales
  • Esta prueba ha sido intentada 21 veces
  • La puntuación promedio es 15 de 18
Estadísticas de respuestas
Imagen Hint Respuesta % Correcto
(raza de perro) Chihuahua
100%
(película) Coco
95%
(cerveza) Corona
95%
(civilización) Cultura maya
95%
(pintora) Frida Kahlo
95%
(empresa) Grupo Bimbo
95%
(género de música) Mariachi
90%
(serie) El Chavo del 8
86%
(planta) Agave
81%
(ciudad) Cancún
81%
(deporte) Lucha libre mexicana
81%
(cantante) Peso Pluma
76%
(alimento) Tamales
76%
(personaje) Cantinflas
71%
(guardameta) Guillermo Ochoa
71%
(advocación mariana) Nuestra Señora de Guadalupe
62%
(antigua ciudad) Tenochtitlan
62%
(idioma) Náhuatl
52%
No se encontraron pruebas coincidentes
Distribución de puntuación
Porcentaje de gente con cada puntuación
Porcentaje por número respondido
Historial de tus puntuaciones
No has intentado esta prueba.